| 000 | 01108nam0a22002531 4500 | ||
|---|---|---|---|
| 001 | rc\907150 | ||
| 005 | 20041129094616.7 | ||
| 035 | _a(NLR Aleph) 006082154 | ||
| 090 |
_a5097496 _c5097496 |
||
| 100 | _a20041129d1984 u |0rusy50 ca | ||
| 101 | 0 | _arus | |
| 102 | _aRU | ||
| 105 | _aa ||||||||| | ||
| 200 | 1 |
_aФизико-химические свойства сорбентов для хроматографии _eСб. тр. по хроматографии _fН.-и. физ.-хим. ин-т им. Л.Я. Карпова (НИФХИ) _g[Редкол.: д. х. н., проф. К.И. Сакодынский, гл. ред. и др.] |
|
| 210 |
_aМ. _cНИИТЭхим _d1984 |
||
| 215 |
_a91 с. _cил. _d20 |
||
| 320 | _aБиблиогр. в конце ст. | ||
| 702 | 1 |
_aСакодынский _bК. И. _gКарл Иванович _4340 |
|
| 712 | 0 | 2 |
_aНаучно-исследовательский физ.-хим. ин-т им. Л.Я. Карпова _cМосква _3RU\NLR\AUTH\889961821 |
| 801 | 0 |
_aRU _bNLR _gpsbo |
|
| 801 | 1 |
_aRU _bELAR _2rusmarc |
|
| 852 |
_aNLR _j85-4/22879 |
||
| 942 | _cBOOK | ||
| 980 | _aNB | ||